000 01207nam a2200253Ia 4500
003 Ost
005 20260507075407.0
008 260507s9999||||xx |||||||||||||| ||und||
020 _a2001119957
040 _cfsecg
041 _aara
082 _a330
100 _aنجم الدين، عدنان كريم
_eمؤلف
245 0 _aالإقتصاد الرياضي /
_c عدنان كريم نجم الدين
250 _aطبعة 3
260 _aعمان:
_bدار وائل للنشر والتوزيع,
_c2009
300 _a347 صفحة؛
_bإيضاحات ؛
_c24 سم
504 _aالمراجع ص.347
520 _aالإقتصاد الرياضي و المفاهيم ذات العلاقة، التوازن في الإقتصاد الجزئي والكلي، الجبر الخطي وتطبيقاته الإقتصادية، التفاصل وتطبيقاته الإقتصادية ، المشتقات الجزئية وتطبيقاتها الإقتصادية، التكامل والتحليل الحركي، البرمجة الخطية
653 _aالإقتصاد الرياضي
653 _aالإقتصاد- الطرق الإحصائية
653 _aالرياضيات
942 _cكتاب
999 _c44326
_d44326